| Registos Bibliográficos associados ao registo de autoridade |
|
Etiqueta de registo: 00254nam 2200025 450 001 2244053 003 http://id.bnportugal.gov.pt/bib/catbnp/2244053 010 ## $a978-989-40-3011-9 021 ## $aPT$b557847/25 100 ## $a20260109d2026 k y0pory01030103ba 101 0# $apor 102 ## $aPT 105 ## $ay z 100yy 106 ## $ar 200 1# $aI Congresso de Direito Sancionatório Administrativo$fcoord. Artur Flamínio da Silva 210 #9 $aCoimbra$cAlmedina,$d2026 215 ## $a119 p.$d23 cm 225 2# $aObras coletivas 675 ## $a342.9(469)(042)$vBN$zpor$31272158 675 ## $a343.3(469)(042)$vBN$zpor$31604776 702 #1 $aSilva,$bArtur Flamínio da$4340$31655892 710 02 $aCongresso de Direito Sancionatório Administrativo,$d1,$eLisboa,$f2024$31976637 801 #0 $aPT$bBN$gRPC 856 41 $uhttp://rnod.bnportugal.gov.pt/ImagesBN/winlibimg.aspx?skey=&doc=2244053&img=220263&save=true 900 ## $aBIBNAC$d20260324 966 ## $lBN$mFGMON$sS.C. 168645 V.$x1 971 ## $corlando$d20260109 972 ## $e0$z0$d20260324$vasantos 973 ## $cmlsousa$d20260312
|
|
|